000 01821nam0a2200361 i 4500
001 RU\NLR\BIBL_A\010575842
005 20260407073942.0
010 _a9785995706458
021 _aRU
_b2014-79047
_94828
035 _a(NILC)RuMoRGB-007571333
035 _a(NLR Aleph) 010575842
090 _a10441254
_c10441254
100 _a20141223d2014 u y0rusy50 ca
101 0 _arus
102 _aRU
105 _ay|||n|||000yy
200 1 _aО Верховном Суде Российской Федерации
_eФедеральный конституционный закон
_e(Собрание законодательства Российской Федерации, 2014, № 6, ст. 550)
_e[одобрен Государственной Думой 24 января 2014 года
_eодобрен Советом Федерации 29 января 2014 года
_eв редакции Федеральных конституционных законов от 4 июня 2014 года № 8-ФКЗ, от 21 июля 2014 года № 14-ФКЗ]
205 _aНовая ред.
210 _aМосква
_cОсь-89
_d2014
215 _a23, [1] с.
_d20
225 1 _aФедеральный конституционный закон
601 0 1 _aРоссийская Федерация
_bВерховный Суд
_jЗаконодательные материалы
_92086413
_3RU\NLR\AUTH\661262547
675 _a347.991(470)(094.5)
686 1 _aХ629.016-39(2Р)
740 1 _aРоссийская Федерация
_tЗаконы
_3RU\NLR\AUTH\883331
_9277893
801 0 _aRU
_bRuMoRKP
_c20140407
_gRCR
801 2 _aRU
_bРГБ
_c20141022
_grcr
801 1 _aRU
_bRuMoRKP
_c20140407
_2rusmarc
942 _cBOOK
980 _aNBR